The underprivileged nations
Đã lưu trong:
| Príomhúdar: | |
|---|---|
| Formáid: | Leabhar |
| Teanga: | Undetermined |
| Foilsithe: |
Boston
Beacon Press
1963
|
| Ábhair: | |
| Clibeanna: |
Cuir Clib Leis
Gan Chlibeanna, Bí ar an gcéad duine leis an taifead seo a chlibeáil!
|
| Thư viện lưu trữ: | Trung tâm Học liệu Trường Đại học Cần Thơ |
|---|
| LEADER | 00543nam a2200193Ia 4500 | ||
|---|---|---|---|
| 001 | CTU_99266 | ||
| 008 | 210402s9999 xx 000 0 und d | ||
| 082 | |a 338.91 | ||
| 082 | |b M933 | ||
| 100 | |a Moussa, Pierre | ||
| 245 | 4 | |a The underprivileged nations | |
| 245 | 0 | |c Pierre Moussa | |
| 260 | |a Boston | ||
| 260 | |b Beacon Press | ||
| 260 | |c 1963 | ||
| 650 | |a Economic assistance,Technical assistance | ||
| 650 | |x Developing countries,Developing countries | ||
| 904 | |i Giang | ||
| 980 | |a Trung tâm Học liệu Trường Đại học Cần Thơ | ||